Nad Slovenskom

Podrobná bibliografia
Ďalší autori: Bárta, Vladimír, 1939- (Fotograf), Barta, Vladimír, 1974- (Fotograf), Hrivňák, Radomir (Prekladateľ)
Médium: Kniha
Jazyk:slovenčina
angličtina
Fyzický popis:[93] s. fareb. fotogr. 26 cm
Vydavateľské údaje: Slovenská Ľupča AB ART press [2006]
ISBN:8088817927 (viaz.)
Vydanie:[1. vyd.]
Predmet:

MARC

LEADER 00000nam a2200000 a 4500
001 vtls009514220
003 SK-MaSNL
005 20260331205130.0
008 160610s2006 xo o g 001 0 slo
015 |a SNBA2009/08-03945 
020 |a 8088817927 (viaz.) 
035 |a 185C3464-9C16-40F4-B312-9BB255225C7C 
035 |a urn:nbn:sk:snk-aml1r3 
035 |a urn:nbn:sk:snk-am008ncz 
040 |a SNK  |b slo  |c SNK  |e AACR2 
041 1 |a slo  |a eng  |h slo 
043 |a e-xo--- 
044 |a xo  |c SK 
072 7 |a 913(4)  |x Geografia Európy, reálie, cestovanie  |2 konspekt 
080 |a 908(437.6)  |2 2001 
080 |a (084.11)  |2 2001 
100 1 |a Bárta, Vladimír,  |d 1939-  |4 pht  |9 117674 
245 1 0 |a Nad Slovenskom  |c [text:] Vladimír Bárta ; [fotografie:] Vladimír Bárta a Vladimír Barta ; [preklad: Radomír Hrivňák] 
246 1 1 |a Over Slovakia 
250 |a [1. vyd.] 
260 |a Slovenská Ľupča  |b AB ART press  |c [2006] 
300 |a [93] s.  |b fareb. fotogr.  |c 26 cm 
504 |a Reg. 
546 |a Súbež text angl. 
650 0 7 |a letecká fotografia  |2 SNKPH  |9 51512 
651 7 |a Slovensko  |2 SNKPH  |9 14231 
651 7 |a Slovakia  |2 SNKPHeng  |9 92630 
655 7 |a obrazové publikácie  |2 SNKPH  |9 70343 
655 7 |a Pictorial works  |2 SNKPHeng  |9 284468 
700 1 |a Barta, Vladimír,  |d 1974-  |4 pht  |9 42736 
700 1 |a Hrivňák, Radomir  |4 trl  |9 411426 
919 |a 80-88817-92-7 
958 |a OP 
968 |a Eng, slo  |b SLO  |d 90 
999 |c 830346  |d 832276 
952 |a SNK  |b SNK  |y PREZ  |7 0  |p 17A0620801  |o snkSB 77775  |i snk2009/8952  |8 0  |0 0  |1 0  |4 0  |d 2009-05-19  |f 1  |l 0  |r 2025-04-28 00:00:00  |w 2026-02-24 
952 |a SNK  |b SNK  |y VYP  |7 0  |p 17A0620802  |o snkSB 77775 D1  |i snk2009/8953  |8 0  |0 0  |1 0  |4 0  |d 2009-05-19  |l 0  |r 2016-06-30 00:00:00  |w 2026-02-24